Statistics for MLB TOP 10 All Time Hit Leaders

Click here to take the quiz!

General Stats

  • This quiz has been taken 21 times
  • The average score is 5 of 10

Answer Stats

HintAnswer% Correct
4256Pete Rose
90%
3465Derek Jeter
81%
4189Ty Cobb
76%
3771Hank Aaron
57%
3630Stan Musial
43%
3350Albert Pujols
38%
3419Carl Yastrzemski
33%
3420Honus Wagner
29%
3435Cap Anson
24%
3514Tris Speaker
24%

Score Distribution

Percentile by Number Answered

Percent of People with Each Score

Your Score History

You have not taken this quiz